European Countries by Desserts - Statistics

General Stats
  • This quiz has been taken 58 times
  • The average score is 8 of 16
Answer Stats
Picture Answer % Correct
France
89%
Italy
84%
Spain
78%
Germany
60%
Denmark
58%
Portugal
58%
Austria
56%
United Kingdom
49%
Poland
42%
Greece
40%
Estonia
24%
Romania
24%
Serbia/Bosnia
24%
Ireland
22%
Ukraine
22%
Bulgaria
20%
No matching quizzes found
Score Distribution
Percent of People with Each Score
Percentile by Number Answered
Your Score History
You have not taken this quiz